000 00295nam a22001337a 4500
020 _a0-00-675230-6
082 _a823
_bHAY/S
100 _aHAYNES, B.R
245 _aBONECHILLERS
_bSLIME TIME
260 _aLONDON
_bHARPER COLLINS
300 _a133
650 _aNOVEL
_zUNITED KINGDOM
942 _cBK
999 _c3295
_d3295